[Event "Politiken Cup 2007"]
[Site "Helsingor"]
[Date "2007.07.23"]
[Round "4.76"]
[White "Christensen, Emilie Ellegaard"]
[Black "Hirneise, Jens"]
[Result "0-1"]
[WhiteElo "1880"]
[BlackElo "2090"]
[PlyCount "56"]
[EventDate "2007.??.??"]

1. d4 Nf6 2. c4 g6 3. Nc3 Bg7 4. e4 d6 5. f3 O-O 6. Be3 a6 7. Qd2 Nbd7 8. Nge2
c5 9. O-O-O b5 10. dxc5 Ne5 11. Ng3 Be6 12. cxd6 Nxc4 13. Bxc4 Bxc4 14. dxe7
Qxe7 15. Kb1 Rfd8 16. Qf2 Qe6 17. Rd2 b4 18. Na4 Bxa2+ 19. Ka1 Qc6 20. Nc5 Bc4
21. Rhd1 Rdc8 22. Kb1 Bf8 23. Nd3 b3 24. Nc1 Qa4 25. Bd4 Bb4 26. Bxf6 Bd3+ 27.
Rxd3 Rxc1+ 28. Kxc1 Qa1# 0-1

[Event "Politiken Cup 2007"]
[Site "Helsingor"]
[Date "2007.07.23"]
[Round "4.77"]
[White "Nordin, Eric"]
[Black "Orndahl, Markus"]
[Result "0-1"]
[WhiteElo "1843"]
[BlackElo "2078"]
[PlyCount "40"]
[EventDate "2007.??.??"]

1. e4 e6 2. d4 d5 3. exd5 exd5 4. Nf3 Bd6 5. c4 dxc4 6. Bxc4 Nf6 7. Nc3 O-O 8.
O-O h6 9. Be3 Bg4 10. Rc1 c6 11. a3 Nbd7 12. Ba2 Bh5 13. Bb1 Re8 14. d5 Ne5 15.
dxc6 bxc6 16. Kh1 Nxf3 17. gxf3 Qd7 18. Rg1 Qh3 19. Rxg7+ Kxg7 20. Bxh6+ Kh8
0-1

[Event "Politiken Cup 2007"]
[Site "Helsingor"]
[Date "2007.07.23"]
[Round "4.78"]
[White "Lubbers, Johan"]
[Black "Aanstad, Magnus"]
[Result "0-1"]
[WhiteElo "2077"]
[BlackElo "1818"]
[PlyCount "66"]
[EventDate "2007.??.??"]

1. d4 Nf6 2. c4 e5 3. dxe5 Ng4 4. Nh3 Nc6 5. e3 Ngxe5 6. Be2 d6 7. Nf4 g6 8.
O-O Bg7 9. Nc3 O-O 10. Nfd5 f5 11. Rb1 Ne7 12. f4 Nd7 13. Bf3 c6 14. Nxe7+ Qxe7
15. Qc2 Nf6 16. Rd1 Be6 17. b3 Rad8 18. Ne2 Rfe8 19. Rd3 Ne4 20. Ba3 Qc7 21.
Rbd1 Qb6 22. c5 dxc5 23. Bxe4 fxe4 24. Rxd8 Rxd8 25. Rxd8+ Qxd8 26. Qxe4 Bd5
27. Qd3 Qa5 28. b4 cxb4 29. Bc1 b3 30. Bd2 Qxd2 31. Qxd2 bxa2 32. e4 a1=Q+ 33.
Kf2 Qa2 0-1

[Event "Politiken Cup 2007"]
[Site "Helsingor"]
[Date "2007.07.23"]
[Round "4.79"]
[White "Andersen, Mads"]
[Black "Svane, Rasmus"]
[Result "1-0"]
[WhiteElo "2070"]
[BlackElo "1617"]
[PlyCount "85"]
[EventDate "2007.??.??"]

1. e4 c5 2. Nf3 Nc6 3. d4 cxd4 4. Nxd4 Nf6 5. Nc3 e5 6. Ndb5 d6 7. Bg5 a6 8.
Na3 b5 9. Bxf6 gxf6 10. Nd5 Bg7 11. c3 Ne7 12. Nxe7 Qxe7 13. Nc2 f5 14. exf5
O-O 15. Ne3 e4 16. Be2 Rb8 17. O-O Kh8 18. Qd2 Rd8 19. Rad1 Qe5 20. Qd5 Qe7 21.
Bh5 Rd7 22. Bg4 Bb7 23. Qd2 Rdd8 24. g3 d5 25. Nc2 Rg8 26. Bh3 a5 27. a3 Rbd8
28. Nd4 Qe8 29. Qf4 Bf6 30. Qc7 Rd7 31. Qxa5 e3 32. Qxb5 Bxd4 33. Rxd4 f6 34.
Re1 exf2+ 35. Kxf2 Qc8 36. Re6 Rf7 37. a4 Qc7 38. Qb6 Qb8 39. a5 Rfg7 40. Qd6
Qa7 41. Re7 Qxa5 42. Rxg7 Rxg7 43. Qb8+ 1-0

[Event "Politiken Cup 2007"]
[Site "Helsingor"]
[Date "2007.07.23"]
[Round "4.80"]
[White "Schmied, Andreas"]
[Black "Helgadottir, Sigridur Bjorg"]
[Result "1-0"]
[WhiteElo "2054"]
[BlackElo "1564"]
[PlyCount "47"]
[EventDate "2007.??.??"]

1. e4 c5 2. Nf3 d6 3. d4 cxd4 4. Nxd4 Nf6 5. Nc3 a6 6. Be2 e6 7. a4 Be7 8. O-O
b6 9. f4 e5 10. Nf5 O-O 11. fxe5 dxe5 12. Nxe7+ Qxe7 13. Bg5 Qc5+ 14. Kh1 Nbd7
15. Bd3 Bb7 16. Qe2 Rfc8 17. Rae1 Qb4 18. Bc1 Rc7 19. Rf5 Ne8 20. Rh5 f6 21.
Rh3 Nc5 22. Bc4+ Kh8 23. Rxh7+ Kxh7 24. Qh5# 1-0

[Event "Politiken Cup 2007"]
[Site "Helsingor"]
[Date "2007.07.23"]
[Round "4.81"]
[White "Larsen, Tor Ketil"]
[Black "Andersen, Ib Hother"]
[Result "1/2-1/2"]
[WhiteElo "1694"]
[BlackElo "2162"]
[PlyCount "83"]
[EventDate "2007.??.??"]

1. e4 e5 2. Nf3 Nc6 3. Bc4 Nf6 4. d4 exd4 5. e5 d5 6. Bb5 Ne4 7. Nxd4 Bd7 8.
Bxc6 bxc6 9. Nb3 Qh4 10. O-O g6 11. Be3 Bg7 12. N1d2 Nxd2 13. Bxd2 O-O 14. f4
f6 15. Qe1 Qh5 16. e6 Bc8 17. f5 gxf5 18. Nd4 c5 19. Nxf5 Re8 20. Qg3 Qg6 21.
Qxc7 Bxe6 22. Ne7+ Rxe7 23. Qxe7 Bf5 24. Qxc5 Be4 25. Rf2 Rd8 26. Bc3 Bxc2 27.
Re1 Be4 28. Qxa7 Qg4 29. h3 Qe6 30. Bd4 h6 31. b4 Rd7 32. Qa8+ Kh7 33. a4 f5
34. Bxg7 Rxg7 35. Qb8 d4 36. Rc1 Bxg2 37. Rxg2 Qe3+ 38. Kh2 Rxg2+ 39. Kxg2 Qxc1
40. Qa7+ Kg6 41. Qxd4 Qc2+ 42. Qf2 1/2-1/2

[Event "Politiken Cup 2007"]
[Site "Helsingor"]
[Date "2007.07.23"]
[Round "4.82"]
[White "Tudvad, Mads"]
[Black "Mikkelsen, Nikolaj"]
[Result "0-1"]
[WhiteElo "1873"]
[BlackElo "2303"]
[PlyCount "58"]
[EventDate "2007.??.??"]

1. d4 Nf6 2. Nf3 g6 3. e3 Bg7 4. b3 d5 5. Bb2 O-O 6. Nbd2 Nbd7 7. Bd3 c5 8. O-O
Qb6 9. c4 Rd8 10. Rc1 a6 11. Qe2 Qa7 12. cxd5 Nxd5 13. Bc4 e6 14. Ne4 cxd4 15.
Bxd4 Bxd4 16. Nxd4 N7b6 17. Qg4 Bd7 18. Qh4 Kg7 19. g4 h6 20. g5 Rh8 21. Qg3
Qb8 22. gxh6+ Rxh6 23. f4 Qe8 24. Bd3 Qe7 25. Ng5 Rah8 26. Rf2 Kf8 27. e4 Nf6
28. Rc7 Qd6 29. e5 Qxd4 0-1

[Event "Politiken Cup 2007"]
[Site "Helsingor"]
[Date "2007.07.23"]
[Round "4.83"]
[White "Jonsson, Krister"]
[Black "Sigurdsson, Pall"]
[Result "1-0"]
[WhiteElo "2114"]
[BlackElo "1893"]
[PlyCount "123"]
[EventDate "2007.??.??"]

1. d4 d5 2. c4 c6 3. Nf3 Nf6 4. Nc3 dxc4 5. a4 Bf5 6. e3 e6 7. Bxc4 Bb4 8. O-O
O-O 9. Nh4 Bg4 10. f3 Bh5 11. g4 Nd5 12. Ng2 Bg6 13. Na2 a5 14. e4 Nb6 15. Bb3
c5 16. Nxb4 c4 17. Bxc4 Nxc4 18. b3 Nb6 19. Nc2 Nc6 20. Ba3 Re8 21. Bb2 Rc8 22.
Rc1 Re7 23. Nf4 Rd7 24. Qe2 Qg5 25. Qe3 h5 26. Nxg6 Qxe3+ 27. Nxe3 fxg6 28.
gxh5 Nxd4 29. Rxc8+ Nxc8 30. Bxd4 Rxd4 31. Rc1 Nb6 32. hxg6 Kf8 33. Rc7 Rd7 34.
Rxd7 Nxd7 35. Nc4 b6 36. e5 Ke7 37. h4 Nc5 38. Nxb6 Nxb3 39. Nc4 Nc5 40. Nxa5
Nxa4 41. Nc6+ Ke8 42. Kg2 Nc3 43. Kg3 Nd5 44. h5 Ne3 45. Nd4 Ke7 46. Kf4 Nc4
47. Nb5 Kf8 48. Nd6 Nd2 49. Kg4 Nb3 50. f4 Nd4 51. f5 exf5+ 52. Kf4 Ne6+ 53.
Kxf5 Nd4+ 54. Kg4 Ne6 55. Nf5 Kg8 56. Ne7+ Kh8 57. Nc6 Kg8 58. Kf5 Nc7 59. e6
Kh8 60. e7 Kg8 61. Nb4 Kh8 62. Nd5 1-0

[Event "Politiken Cup 2007"]
[Site "Helsingor"]
[Date "2007.07.23"]
[Round "4.84"]
[White "Oskarsson, Aron Ingi"]
[Black "Mathiesen, Erik"]
[Result "0-1"]
[WhiteElo "1871"]
[BlackElo "2060"]
[PlyCount "106"]
[EventDate "2007.??.??"]

1. e4 e5 2. Nf3 Nf6 3. Nxe5 d6 4. Nf3 Nxe4 5. d4 d5 6. Bd3 Bd6 7. O-O O-O 8. c4
c6 9. Nc3 Nxc3 10. bxc3 dxc4 11. Bxc4 Bg4 12. Qd3 Nd7 13. Bg5 Qc7 14. Kh1 Bh5
15. Rfe1 Bg6 16. Qd2 h6 17. Bxh6 Nb6 18. Bb3 gxh6 19. Qxh6 Nd5 20. Ne5 Bh7 21.
Re3 Bxe5 22. Rh3 f6 23. dxe5 fxe5 24. Rg3+ Kh8 25. Bc2 Rf7 26. Rh3 Nf4 27. Rh4
Rg8 28. g3 Nd5 29. c4 Nf6 30. Bf5 c5 31. f3 Rgf8 32. Rd1 Ng8 33. Qxh7+ Rxh7 34.
Rxh7+ Qxh7 35. Bxh7 Kxh7 36. Rd7+ Kg6 37. Rxb7 Rf7 38. Rb8 Nf6 39. Kg2 Rd7 40.
Rc8 Rd2+ 41. Kh3 e4 42. fxe4 Nxe4 43. Kg4 Rd4 44. Rc6+ Nf6+ 45. Kf3 Rxc4 46.
Ra6 Kf5 47. Rxa7 Rc3+ 48. Ke2 Ke4 49. Re7+ Kd4 50. a4 Rc2+ 51. Kd1 Rxh2 52. Re2
Rh1+ 53. Kc2 Ra1 0-1

[Event "Politiken Cup 2007"]
[Site "Helsingor"]
[Date "2007.07.23"]
[Round "4.85"]
[White "Hansen, Anders"]
[Black "Cromsight, Jeroen"]
[Result "1-0"]
[WhiteElo "2053"]
[BlackElo "1872"]
[PlyCount "69"]
[EventDate "2007.??.??"]

1. d4 Nf6 2. c4 c5 3. d5 a6 4. g3 b5 5. Bg2 d6 6. Nh3 Nbd7 7. O-O Nb6 8. b3 g6
9. Bb2 Bg7 10. Nd2 O-O 11. Nf4 Ra7 12. cxb5 axb5 13. e4 e6 14. dxe6 fxe6 15.
Qc2 c4 16. bxc4 Na4 17. Bd4 Rc7 18. Ne2 Bd7 19. e5 Ne8 20. exd6 Nxd6 21. Bxg7
Kxg7 22. Qd3 Nxc4 23. Ne4 Bc6 24. Qxd8 Rxd8 25. Nf4 Re8 26. Ng5 Bd7 27. Rfe1 e5
28. Nd5 Ra7 29. Rad1 Nab2 30. Ra1 Bc6 31. Nc3 Bxg2 32. Kxg2 b4 33. Nd5 Ra4 34.
h4 Rd8 35. Ne6+ 1-0

[Event "Politiken Cup 2007"]
[Site "Helsingor"]
[Date "2007.07.23"]
[Round "4.86"]
[White "Pijlman, Rene"]
[Black "Markgraf, Claudia"]
[Result "1/2-1/2"]
[WhiteElo "1854"]
[BlackElo "2049"]
[PlyCount "112"]
[EventDate "2007.??.??"]

1. e4 Nf6 2. e5 Nd5 3. d4 d6 4. c4 Nb6 5. exd6 exd6 6. Nc3 Be7 7. Be2 O-O 8. h3
Nc6 9. Nf3 Re8 10. O-O Bf6 11. Be3 Bf5 12. b3 Bg6 13. Rc1 h6 14. d5 Ne5 15. Nd4
Nbd7 16. b4 Nb6 17. Qb3 a5 18. a3 Qd7 19. c5 a4 20. Qa2 dxc5 21. bxc5 Nc8 22.
Bb5 c6 23. Bxa4 Rxa4 24. Nxa4 cxd5 25. Nb6 Nxb6 26. cxb6 Nc4 27. Nf3 Nxe3 28.
fxe3 Qb5 29. a4 Qxb6 30. Qxd5 Qxe3+ 31. Kh1 Be4 32. Qc5 Qf4 33. Rce1 Qb8 34.
Qc4 Bc6 35. Rxe8+ Qxe8 36. Re1 Qd7 37. Qg4 Qxg4 38. hxg4 Bxa4 39. Ne5 Bxe5 40.
Rxe5 Bc6 41. Kg1 Kf8 42. g5 hxg5 43. Rxg5 f6 44. Rg3 g5 45. Re3 Kf7 46. Kf2 f5
47. g3 g4 48. Re5 Kf6 49. Rc5 Ke6 50. Ke3 Be4 51. Kd4 Kd6 52. Rc3 Bf3 53. Rc5
Ke6 54. Rc3 Bc6 55. Rc5 Be4 56. Rc3 Kd6 1/2-1/2

[Event "Politiken Cup 2007"]
[Site "Helsingor"]
[Date "2007.07.23"]
[Round "4.88"]
[White "Thorsteinsdottir, Hallgerdur"]
[Black "Nielsen, John Holm"]
[Result "0-1"]
[WhiteElo "1808"]
[BlackElo "2024"]
[PlyCount "68"]
[EventDate "2007.??.??"]

1. e4 c6 2. d4 d5 3. Nc3 dxe4 4. Nxe4 Nf6 5. Nxf6+ gxf6 6. c3 Bf5 7. Nf3 e6 8.
g3 Qc7 9. Bf4 Bd6 10. Bxd6 Qxd6 11. Bg2 Nd7 12. O-O O-O-O 13. Re1 Bg6 14. Nd2
f5 15. Nc4 Qc7 16. Qa4 Kb8 17. Qb4 Nf6 18. Ne5 Nd5 19. Qb3 Rhe8 20. Nd3 f4 21.
Nc5 Qb6 22. Qxb6 axb6 23. Ne4 fxg3 24. hxg3 h5 25. Re2 h4 26. gxh4 Rh8 27. Ng5
Rxh4 28. Nf3 Rh6 29. Ne5 Rg8 30. f3 Nf4 31. Rd2 Bf5 32. Nc4 Bh3 33. Ne3 Bxg2
34. Nxg2 Rhg6 0-1

[Event "Politiken Cup 2007"]
[Site "Helsingor"]
[Date "2007.07.23"]
[Round "4.89"]
[White "Melkeraaen, Terje"]
[Black "Andersen, Rune Egede"]
[Result "0-1"]
[WhiteElo "1801"]
[BlackElo "2016"]
[PlyCount "68"]
[EventDate "2007.??.??"]

1. d4 d5 2. c4 dxc4 3. Nf3 Nf6 4. e3 e6 5. Bxc4 c5 6. O-O a6 7. Nc3 b5 8. Bb3
Bb7 9. dxc5 Qc7 10. Ne2 Bxf3 11. gxf3 Bxc5 12. Bd2 Nbd7 13. Rc1 Qb7 14. Ng3 Ne5
15. e4 Rd8 16. Rc2 O-O 17. Qe2 Rd3 18. Be3 Bxe3 19. fxe3 Rfd8 20. Rfc1 h5 21.
Nf1 g6 22. f4 Neg4 23. Bd5 R8xd5 24. exd5 Qxd5 25. Rd2 Rxd2 26. Nxd2 Ne4 27.
Nxe4 Qxe4 28. Re1 Kh7 29. h3 Nf6 30. Rd1 Nd5 31. Kf2 Qf5 32. Kg3 h4+ 33. Kxh4
Nxe3 34. Re1 Qf6+ 0-1

[Event "Politiken Cup 2007"]
[Site "Helsingor"]
[Date "2007.07.23"]
[Round "4.90"]
[White "Svendsen, Peter"]
[Black "Larsen, Finn"]
[Result "0-1"]
[WhiteElo "2015"]
[BlackElo "1840"]
[PlyCount "58"]
[EventDate "2007.??.??"]

1. d4 Nf6 2. c4 e6 3. Nf3 d5 4. Nc3 Be7 5. Bg5 O-O 6. e3 Nbd7 7. Bd3 c5 8. O-O
a6 9. a4 Re8 10. Rc1 b6 11. Qe2 Bb7 12. Rfd1 Ne4 13. Bxe7 Qxe7 14. Bb1 Ndf6 15.
Ne5 cxd4 16. exd4 Rac8 17. g4 Ng5 18. Qe3 h6 19. h4 Nge4 20. f3 Nxc3 21. Rxc3
dxc4 22. g5 hxg5 23. hxg5 Nd5 24. Qe4 Qxg5+ 25. Kf2 f5 26. Qe1 Qh4+ 27. Ke2
Nxc3+ 28. bxc3 Qh2+ 29. Ke3 f4# 0-1

[Event "Politiken Cup 2007"]
[Site "Helsingor"]
[Date "2007.07.23"]
[Round "4.91"]
[White "Henrichsen, Jens"]
[Black "Vaarala, Eric"]
[Result "1-0"]
[WhiteElo "2010"]
[BlackElo "1813"]
[PlyCount "81"]
[EventDate "2007.??.??"]

1. d4 Nf6 2. c4 e6 3. Nf3 b6 4. g3 Bb7 5. Bg2 Be7 6. O-O O-O 7. Nc3 d6 8. Qc2
Nbd7 9. e4 e5 10. Rd1 Qe8 11. b3 Bd8 12. a4 Kh8 13. Ba3 Rg8 14. Re1 Rc8 15.
Rad1 h6 16. Qd2 Kh7 17. Bc1 Rh8 18. Nh4 Ra8 19. Nf5 Bc8 20. f4 Rb8 21. Rf1 Bb7
22. Rde1 a6 23. b4 Be7 24. Nd5 Bd8 25. Qc2 Qf8 26. c5 bxc5 27. bxc5 Bxd5 28.
exd5 e4 29. c6 Nb6 30. Bxe4 Nxe4 31. Qxe4 g6 32. a5 Nc8 33. Ne3 f5 34. Qd3 Rb5
35. g4 Ne7 36. Bd2 Rg8 37. g5 Qf7 38. Rb1 Nxd5 39. Rxb5 axb5 40. Qb3 hxg5 41.
Qxd5 1-0

[Event "Politiken Cup 2007"]
[Site "Helsingor"]
[Date "2007.07.23"]
[Round "4.92"]
[White "Jensen, Soren Holm"]
[Black "Hedler, Robert"]
[Result "1-0"]
[WhiteElo "2004"]
[BlackElo "1800"]
[PlyCount "87"]
[EventDate "2007.??.??"]

1. e4 b6 2. d4 g6 3. Nc3 Bb7 4. Be3 Bg7 5. Qd2 a6 6. Nf3 d6 7. Be2 e6 8. O-O h6
9. Rad1 Nd7 10. Rfe1 Ne7 11. a3 Rb8 12. h3 Ra8 13. Nh2 f5 14. Bf3 Ra7 15. g3
Qa8 16. Qd3 O-O 17. Bg2 Rf7 18. f3 d5 19. e5 c5 20. f4 c4 21. Qe2 b5 22. h4 Qe8
23. b3 cxb3 24. cxb3 Bf8 25. Rc1 Nb6 26. Bf1 Nec8 27. Nb1 Ba8 28. Rc2 Rfc7 29.
Rec1 Rc6 30. Rxc6 Bxc6 31. Nf3 Be7 32. Ne1 b4 33. a4 Bxa4 34. bxa4 Nxa4 35. Qc2
Ncb6 36. Qc6 Qf7 37. Nd3 g5 38. hxg5 Nc4 39. Bf2 hxg5 40. Qxa4 Qh5 41. Qc6 Qh6
42. Bg2 Bf8 43. Bxd5 Kh8 44. Qxe6 1-0

[Event "Politiken Cup 2007"]
[Site "Helsingor"]
[Date "2007.07.23"]
[Round "4.93"]
[White "Andersen, Daniel"]
[Black "Lie, Terje"]
[Result "1-0"]
[WhiteElo "1997"]
[BlackElo "1772"]
[PlyCount "93"]
[EventDate "2007.??.??"]

1. c4 c5 2. g3 e5 3. Bg2 Be7 4. Nc3 a6 5. Nf3 Nc6 6. e3 Nf6 7. d4 exd4 8. exd4
cxd4 9. Nxd4 O-O 10. O-O Bc5 11. Nb3 Ba7 12. Bf4 Re8 13. Qd2 Bb8 14. Rfe1 Bxf4
15. Qxf4 Nb4 16. Qd2 Nc6 17. Rxe8+ Qxe8 18. Re1 Qd8 19. Qe3 Kf8 20. Qd2 Qc7 21.
Nd5 Nxd5 22. cxd5 Qd6 23. dxc6 Qxd2 24. Nxd2 dxc6 25. Ne4 Be6 26. a3 Rb8 27.
Nc5 Ke7 28. Nxe6 fxe6 29. Bh3 Re8 30. Rxe6+ Kf7 31. Rxe8 Kxe8 32. f4 a5 33. Kf2
Ke7 34. Ke3 c5 35. Ke4 Kd6 36. g4 b5 37. Bf1 Kc6 38. f5 a4 39. g5 b4 40. Bc4
bxa3 41. bxa3 h6 42. gxh6 gxh6 43. f6 Kd6 44. f7 Ke7 45. Kf5 Kf8 46. Kg6 h5 47.
h4 1-0

[Event "Politiken Cup 2007"]
[Site "Helsingor"]
[Date "2007.07.23"]
[Round "4.94"]
[White "Søndergaard, Thomas"]
[Black "Green, Per"]
[Result "1-0"]
[WhiteElo "1778"]
[BlackElo "1997"]
[PlyCount "158"]
[EventDate "2007.??.??"]

1. e4 e6 2. d4 d5 3. e5 c5 4. dxc5 Nc6 5. f4 Bxc5 6. Qg4 Bf8 7. a3 Nh6 8. Qd1
Nf5 9. Nf3 Bd7 10. Bd3 Nh4 11. O-O Bc5+ 12. Kh1 Nxf3 13. Rxf3 g6 14. Qe1 Nd4
15. Rh3 Bb5 16. Bxb5+ Nxb5 17. c3 Be7 18. a4 Nc7 19. Be3 Qd7 20. Qf2 a6 21. Nd2
Rc8 22. Nb3 Na8 23. Na5 Qc7 24. Nb3 b6 25. Nd2 Qb7 26. Nf3 Rc4 27. Nd2 Rc6 28.
Qe2 Nc7 29. Rd1 b5 30. axb5 axb5 31. Nb3 Qa8 32. Nd4 Rc4 33. b3 Rxc3 34. Nxb5
Nxb5 35. Qxb5+ Qc6 36. Qb8+ Qc8 37. Qb5+ Qd7 38. Qb8+ Rc8 39. Qa7 Qxa7 40. Bxa7
O-O 41. Rb1 Bb4 42. Rd3 Rc2 43. Rd4 Bd2 44. g3 Rfc8 45. Rd3 Ra2 46. Bg1 Bb4 47.
Rd4 Rb8 48. Rc1 Bf8 49. Rb1 Bc5 50. Rd3 Bxg1 51. Kxg1 Rb4 52. Rf3 Kf8 53. Rf2
Ra3 54. Rfb2 Ke7 55. Kf2 f6 56. exf6+ Kxf6 57. Ke3 e5 58. fxe5+ Kxe5 59. Kd3
Re4 60. Kd2 Kd4 61. Rd1 Kc5 62. Rc1+ Kb4 63. Rc7 h5 64. Rb7+ Kc5 65. Rc7+ Kd6
66. Rg7 Rg4 67. Kd3 Ra1 68. b4 Ra3+ 69. Kc2 Rf3 70. Kb1 Rf8 71. b5 Rb8 72. Ra7
Rb6 73. Rf7 Rg5 74. Rf6+ Kc5 75. Rc2+ Kxb5 76. Rb2+ Kc4 77. Rbxb6 d4 78. Kc2
Re5 79. Rfc6+ Kd5 1-0

[Event "Politiken Cup 2007"]
[Site "Helsingor"]
[Date "2007.07.23"]
[Round "4.95"]
[White "Skovgaard, Tom"]
[Black "Joensen, Jogvan"]
[Result "1-0"]
[WhiteElo "1995"]
[BlackElo "1752"]
[PlyCount "129"]
[EventDate "2007.??.??"]

1. e4 d6 2. d4 Nf6 3. Nc3 g6 4. h3 c5 5. Nf3 Bg7 6. Bc4 cxd4 7. Nxd4 O-O 8. Bb3
a6 9. Be3 b5 10. O-O Bb7 11. f3 Nbd7 12. Qd2 Rc8 13. Rad1 Re8 14. Bh6 Ne5 15.
Bxg7 Kxg7 16. Qe3 Nc4 17. Bxc4 Rxc4 18. e5 Nd7 19. e6 Nf6 20. exf7 Kxf7 21.
Qe6+ Kg7 22. Qxc4 bxc4 23. Ne6+ Kg8 24. Nxd8 Rxd8 25. Rfe1 Kf7 26. Ne4 Nxe4 27.
fxe4 e5 28. Kf2 Ke7 29. Ke3 Bc8 30. Rd5 Bb7 31. Rd2 Bc6 32. c3 Rf8 33. Rf2 Rb8
34. Ref1 Be8 35. Rd1 Bc6 36. Rb1 Ba4 37. Rd2 Rc8 38. Rf2 Rb8 39. b3 cxb3 40.
axb3 a5 41. Ra2 Rxb3 42. Rxb3 Bxb3 43. Rxa5 h5 44. h4 Bc4 45. Kf3 Be6 46. Ra7+
Kf6 47. Ke3 Bc4 48. Rd7 Ke6 49. Rc7 Bf1 50. Kf3 Bd3 51. Ra7 d5 52. exd5+ Kxd5
53. Ra5+ Ke6 54. Ke3 Bf5 55. c4 Kd6 56. Rd5+ Ke6 57. Rd8 Ke7 58. Rd5 e4 59.
Re5+ Kd7 60. Rxe4 Kc6 61. Re5 Bc2 62. Kd4 Kd6 63. Ra5 Kc7 64. Ra6 Kd7 65. Ke5
1-0

[Event "Politiken Cup 2007"]
[Site "Helsingor"]
[Date "2007.07.23"]
[Round "4.96"]
[White "Almasy, Alexander"]
[Black "Mamak, Wojciech"]
[Result "0-1"]
[WhiteElo "1752"]
[BlackElo "1985"]
[PlyCount "96"]
[EventDate "2007.??.??"]

1. d4 Nf6 2. c4 g6 3. Nc3 Bg7 4. e4 d6 5. Nf3 O-O 6. Be2 e5 7. O-O Nc6 8. d5
Ne7 9. Nd2 Nd7 10. b4 f5 11. f3 f4 12. Ba3 a5 13. bxa5 Rxa5 14. Bb4 Ra8 15. Na4
b6 16. Nb2 g5 17. a4 h5 18. a5 bxa5 19. Rxa5 Rxa5 20. Bxa5 Ng6 21. Nd3 Nf6 22.
c5 g4 23. cxd6 g3 24. hxg3 fxg3 25. dxc7 Qe8 26. f4 Ng4 27. fxe5 Qe7 28. Rxf8+
Bxf8 29. Bxg4 Bxg4 30. Nf3 Nh4 31. c8=Q Bxc8 32. Nxh4 Qxh4 33. Qf3 Qh2+ 34. Kf1
Qh1+ 35. Ke2 Bg4 36. Ne1 Qg1 37. d6 Qf2+ 38. Kd3 Bxf3 39. Nxf3 Qxg2 40. Ne1
Qf1+ 41. Kd4 Qb5 42. Bd2 Kf7 43. Ng2 Bg7 44. Bf4 Qb2+ 45. Kd5 Qa2+ 46. Kc5 Qxg2
47. d7 Ke7 48. e6 Qf2+ 0-1

[Event "Politiken Cup 2007"]
[Site "Helsingor"]
[Date "2007.07.23"]
[Round "4.97"]
[White "Koskinen, Veikko"]
[Black "Jorgensen, Orla Eilegaard"]
[Result "1-0"]
[WhiteElo "1977"]
[BlackElo "1731"]
[PlyCount "49"]
[EventDate "2007.??.??"]

1. e4 c5 2. Nf3 d6 3. c3 Nc6 4. Be2 Nf6 5. d4 cxd4 6. cxd4 Nxe4 7. d5 Qa5+ 8.
Nc3 Nxc3 9. bxc3 Ne5 10. Nxe5 Qxc3+ 11. Bd2 Qxe5 12. O-O Qxd5 13. Bf3 Qb5 14.
Rb1 Qd7 15. Qb3 e6 16. Bxb7 Bxb7 17. Qxb7 Qxb7 18. Rxb7 Be7 19. Bb4 a5 20. Ba3
Rf8 21. Rc1 f5 22. Rcc7 Bf6 23. Bxd6 Rd8 24. Re7+ Bxe7 25. Rxe7# 1-0

[Event "Politiken Cup 2007"]
[Site "Helsingor"]
[Date "2007.07.23"]
[Round "4.98"]
[White "Danielsson, Robert"]
[Black "Jørgensen, Carina Eilegaard"]
[Result "1/2-1/2"]
[WhiteElo "1973"]
[BlackElo "1726"]
[PlyCount "99"]
[EventDate "2007.??.??"]

1. d4 Nf6 2. c4 g6 3. Nc3 Bg7 4. e4 d6 5. f3 O-O 6. Be3 Nbd7 7. Bd3 e5 8. d5 c6
9. Qd2 Nc5 10. Bc2 a5 11. O-O-O cxd5 12. Nxd5 Ne8 13. g4 Ra6 14. h4 Nc7 15. h5
Nxd5 16. cxd5 f5 17. hxg6 hxg6 18. gxf5 gxf5 19. Bh6 Qf6 20. Bxg7 Kxg7 21. Qh2
Kf7 22. Ne2 Ke8 23. Rdg1 fxe4 24. fxe4 Kd8 25. Qh7 Rf7 26. Qh5 Qf3 27. Rg8+ Kc7
28. Qxf3 Rxf3 29. Rh7+ Bd7 30. Rgg7 b5 31. a3 a4 32. Nc3 Rb6 33. Bd1 Rf1 34.
Kd2 Rf8 35. Bg4 Rd8 36. Bxd7 Rxd7 37. Rxd7+ Nxd7 38. Kc2 Kc8 39. b3 Nc5 40.
bxa4 bxa4 41. Ra7 Kb8 42. Ra5 Rb3 43. Nxa4 Rxa3 44. Rb5+ Nb7 45. Nc3 Kc7 46.
Rb1 Ra6 47. Nb5+ Kd7 48. Rh1 Nc5 49. Rh7+ Kd8 50. Nc3 1/2-1/2

[Event "Politiken Cup 2007"]
[Site "Helsingor"]
[Date "2007.07.23"]
[Round "4.99"]
[White "Meier, Lars"]
[Black "Frank-Nielsen, Marie"]
[Result "1/2-1/2"]
[WhiteElo "1744"]
[BlackElo "1967"]
[PlyCount "79"]
[EventDate "2007.??.??"]

1. e4 c5 2. c3 d6 3. d4 cxd4 4. cxd4 g6 5. Nf3 Bg7 6. Be3 Nf6 7. Nc3 O-O 8. h3
a6 9. Qd2 b5 10. a3 Re8 11. Bd3 Bb7 12. g4 Nc6 13. Nh2 e5 14. d5 Nd4 15. Bc2 a5
16. Ne2 Rc8 17. Nxd4 exd4 18. Bxd4 Nxe4 19. Bxe4 Rxe4+ 20. Be3 Re5 21. Nf3 Rxd5
22. Qe2 b4 23. axb4 axb4 24. Ra7 Ba8 25. O-O Ra5 26. Ra1 Rxa1+ 27. Rxa1 Bxf3
28. Qxf3 Bxb2 29. Ra7 Qe8 30. Qd5 Qe6 31. Qb7 Bc3 32. Bh6 Bd4 33. Ra2 Qe1+ 34.
Kg2 Re8 35. Qf3 Qc3 36. Qa8 Rc8 37. Qb7 Re8 38. Re2 Be5 39. f4 Qd3 40. Qe4
1/2-1/2

[Event "Politiken Cup 2007"]
[Site "Helsingor"]
[Date "2007.07.23"]
[Round "4.101"]
[White "Christiansen, Torsten Sundgaard"]
[Black "Nielsen, Preben"]
[Result "0-1"]
[WhiteElo "1658"]
[BlackElo "1962"]
[PlyCount "96"]
[EventDate "2007.??.??"]

1. d4 Nf6 2. g3 d5 3. Bg2 g6 4. Nc3 Bg7 5. Bf4 c6 6. Nf3 O-O 7. Qd2 Nbd7 8. h4
h5 9. Ng5 Nb6 10. b3 Nh7 11. f3 f6 12. Nh3 e5 13. dxe5 fxe5 14. Bh6 Qe7 15.
Bxg7 Kxg7 16. f4 e4 17. Qd4+ Nf6 18. Na4 Nbd7 19. e3 b6 20. Ng5 Rd8 21. g4 c5
22. Qc3 b5 23. f5 gxf5 24. gxf5 Nf8 25. Nxc5 Bxf5 26. Qd4 Rdc8 27. b4 a5 28.
Rf1 Bg4 29. a3 N8d7 30. Nxd7 Bxd7 31. Rf2 Rc4 32. Qb2 axb4 33. Bf1 bxa3 34. Qb3
Qb4+ 35. Qxb4 Rxb4 36. Ra2 Rb1+ 37. Kd2 b4 38. Be2 Rb2 39. Ra1 Rc8 40. Bd1 Bg4
41. Kc1 Bxd1 42. Kxd1 Ng4 43. Ne6+ Kg8 44. Re2 Rc3 45. Nf4 Nxe3+ 46. Kc1 Rcxc2+
47. Rxc2 Rxc2+ 48. Kb1 Rf2 0-1

[Event "Politiken Cup 2007"]
[Site "Helsingor"]
[Date "2007.07.23"]
[Round "4.102"]
[White "Petersen, Lars"]
[Black "Clausen, HansJørgen"]
[Result "1-0"]
[WhiteElo "1958"]
[BlackElo "1667"]
[PlyCount "55"]
[EventDate "2007.??.??"]

1. e4 b6 2. d4 Bb7 3. Nc3 e6 4. Bd3 d6 5. f4 Nd7 6. Nf3 Ngf6 7. O-O Be7 8. Qe1
c5 9. f5 cxd4 10. fxe6 dxc3 11. exd7+ Qxd7 12. bxc3 O-O 13. c4 Qc7 14. Nd4 Qc5
15. c3 Ng4 16. Rf5 Qc8 17. Qg3 Ne5 18. Bh6 Ng6 19. Bg5 Bxg5 20. Rxg5 h6 21. Rh5
Qd7 22. Nf5 Rad8 23. Rd1 Qe6 24. Nd4 Qe7 25. Re1 Qf6 26. Rf1 Qe7 27. Nf5 Qe5
28. Nxh6+ 1-0

[Event "Politiken Cup 2007"]
[Site "Helsingor"]
[Date "2007.07.23"]
[Round "4.103"]
[White "Mæchel, Michael"]
[Black "Rasmussen, Morten"]
[Result "1/2-1/2"]
[WhiteElo "1605"]
[BlackElo "1958"]
[PlyCount "40"]
[EventDate "2007.??.??"]

1. e4 e5 2. Nf3 Nf6 3. Nxe5 d6 4. Nf3 Nxe4 5. d4 d5 6. Bd3 Nc6 7. O-O Be7 8. c3
Bg4 9. h3 Bh5 10. Re1 f5 11. Bf4 O-O 12. Nbd2 Kh8 13. Qc2 Bd6 14. Bxd6 Qxd6 15.
Be2 Bxf3 16. Nxf3 Rae8 17. Bb5 a6 18. Bxc6 Qxc6 19. Ne5 Qb6 20. Re2 Qd6 1/2-1/2

[Event "Politiken Cup 2007"]
[Site "Helsingor"]
[Date "2007.07.23"]
[Round "4.104"]
[White "Hlynsson, Hugi"]
[Black "Jorgensen, Kasper Moller"]
[Result "0-1"]
[WhiteElo "1560"]
[BlackElo "1954"]
[PlyCount "74"]
[EventDate "2007.??.??"]

1. f4 c5 2. Nf3 Nc6 3. e3 g6 4. d4 d5 5. c3 Nf6 6. Bd3 cxd4 7. exd4 Bg7 8. O-O
O-O 9. Qe1 Rb8 10. Qh4 e6 11. Nbd2 b5 12. Ne5 Ne7 13. Rf3 Bd7 14. Rh3 Nf5 15.
Bxf5 exf5 16. Ndf3 b4 17. Bd2 bxc3 18. Bxc3 Nh5 19. Qxd8 Rfxd8 20. Nxd7 Rxd7
21. Ne5 Rdb7 22. Rf3 Nf6 23. Rb1 Ne4 24. b3 Rc8 25. Ba5 Rb5 26. b4 Nd2 27. a4
Nxf3+ 28. Nxf3 Rb7 29. Rd1 Bf8 30. b5 Rc4 31. Ra1 Bg7 32. Kf1 Bxd4 33. Rd1 Rxa4
34. Rxd4 Rxa5 35. Rxd5 Raxb5 36. Rxb5 Rxb5 37. Nd2 Rb2 0-1